MARC

LEADER 00000nam0a2200000 4500
001 374822
005 20231102012700.0
035 |a (RuTPU)RU\TPU\retro\32256 
035 |a RU\TPU\book\226308 
090 |a 374822 
100 |a 20221219d1964 m y0rusy50 ca 
101 0 |a rus 
102 |a BY 
105 |a a z 101zy 
200 1 |a Синтетические продукты из канифоли и скипидара  |e труды Всесоюзного научно-технического совещания, г. Горький, 29 мая - 1 июня 1963 г.  |f под ред. И. И. Бардышева 
210 |a Минск  |c Наука и техника  |d 1964 
215 |a 331 с.  |c ил. 
320 |a Библиогр. в конце докл. 
606 1 |a Канифольно-скипидарное производство  |x Химическая технология  |2 stltpush  |3 (RuTPU)RU\TPU\subj\34442  |9 56389 
610 1 |a синтетические продукты 
610 1 |a канифоль 
610 1 |a скипидар 
610 1 |a терпены 
610 1 |a химия 
610 1 |a терпеновые соединения 
610 1 |a синтез 
610 1 |a применение 
610 1 |a смоляные кислоты 
610 1 |a живица 
610 1 |a фихтелит 
610 1 |a лакокрасочная промышленность 
610 1 |a ядохимикаты 
610 1 |a очистка 
610 1 |a хроматография 
610 1 |a сборники 
675 |a 665.94  |v 3 
702 1 |a Бардышев  |b И. И.  |4 340 
712 1 2 |a Всесоюзного научно-технического совещания по синтезу вторичных продуктов на основе канифоли и скипидара  |b совещание  |e Горький  |f 1963 
801 1 |a RU  |b 63413507  |c 20120124 
801 2 |a RU  |b 63413507  |c 20221219  |g RCR 
942 |c BK